[Event "MCR_KT27"]
[Site "?"]
[Date "2006.??.??"]
[Round "?"]
[White "Vins, Karel"]
[Black "Zachoval, Milan"]
[Result "1/2-1/2"]
[WhiteElo "1684"]
[BlackElo "1600"]
[PlyCount "21"]
[EventDate "2006.??.??"]
[EventType "corr"]
[EventRounds "2"]
[SourceDate "2007.01.09"]

1. e4 e5 2. Nf3 Nc6 3. Bb5 a6 4. Ba4 Nf6 5. O-O b5 6. Bb3 Bb7 7. d3 h6 8. Re1
Bc5 9. c3 Bb6 10. Be3 Bxe3 11. Rxe3 1/2-1/2

[Event "MCR_KT27"]
[Site "?"]
[Date "2006.??.??"]
[Round "?"]
[White "Zachoval, Milan"]
[Black "Vins, Karel"]
[Result "1/2-1/2"]
[WhiteElo "1600"]
[BlackElo "1684"]
[PlyCount "24"]
[EventDate "2006.??.??"]
[EventType "corr"]
[EventRounds "2"]
[SourceDate "2007.01.09"]

1. e4 e5 2. Nf3 Nc6 3. Bb5 f5 4. Nc3 Nf6 5. exf5 e4 6. Ng5 d5 7. d3 exd3 8.
Qxd3 Bb4 9. O-O O-O 10. Bxc6 bxc6 11. Ne2 Bd6 12. c3 h6 1/2-1/2

[Event "MCR_KT27"]
[Site "?"]
[Date "2006.??.??"]
[Round "?"]
[White "Lanca, Leo"]
[Black "Zachoval, Milan"]
[Result "1/2-1/2"]
[WhiteElo "1700"]
[BlackElo "1600"]
[PlyCount "20"]
[EventDate "2006.??.??"]
[EventType "corr"]
[EventRounds "2"]
[SourceDate "2007.01.09"]

1. d4 Nf6 2. Nf3 e6 3. Bd2 b6 4. Nc3 Bb7 5. Bg5 d5 6. e3 Be7 7. Bd3 O-O 8. Qd2
Ne4 9. Bxe7 Qxe7 10. Qe2 f5 1/2-1/2

[Event "MCR_KT27"]
[Site "?"]
[Date "2006.??.??"]
[Round "?"]
[White "Zachoval, Milan"]
[Black "Lanca, Leo"]
[Result "1/2-1/2"]
[WhiteElo "1600"]
[BlackElo "1700"]
[PlyCount "25"]
[EventDate "2006.??.??"]
[EventType "corr"]
[EventRounds "2"]
[SourceDate "2007.01.09"]

1. e4 c5 2. Nf3 Nc6 3. d4 cxd4 4. Nxd4 Nf6 5. Nc3 d6 6. Bc4 e6 7. Be3 d5 8.
exd5 Nxd5 9. Nxd5 exd5 10. Bb3 Be6 11. O-O Qd7 12. c3 O-O-O 13. Re1 1/2-1/2

[Event "MCR_KT27"]
[Site "?"]
[Date "2006.??.??"]
[Round "?"]
[White "Lanca, Leo"]
[Black "Svoboda, Josef"]
[Result "0-1"]
[WhiteElo "1700"]
[BlackElo "1825"]
[PlyCount "26"]
[EventDate "2006.??.??"]
[EventType "corr"]
[EventRounds "2"]
[SourceDate "2007.01.09"]

1. Nf3 Nf6 2. d4 d5 3. Bg5 Ne4 4. Bh4 c5 5. dxc5 Qa5+ 6. Nbd2 Qxc5 7. Nb3 Qd6
8. c3 e5 9. h3 Nc6 10. e3 h6 11. g4 g5 12. Bg3 Nxg3 13. fxg3 e4 0-1

[Event "MCR_KT27"]
[Site "?"]
[Date "2006.??.??"]
[Round "?"]
[White "Svoboda, Josef"]
[Black "Lanca, Leo"]
[Result "1-0"]
[WhiteElo "1825"]
[BlackElo "1700"]
[PlyCount "35"]
[EventDate "2006.??.??"]
[EventType "corr"]
[EventRounds "2"]
[SourceDate "2007.01.09"]

1. e4 c5 2. Nf3 Nc6 3. d4 cxd4 4. Nxd4 Nf6 5. Nc3 d6 6. Bg5 Bd7 7. Qd2 e5 8.
Ndb5 Be6 9. O-O-O Be7 10. Nxd6+ Qxd6 11. Qxd6 Bxd6 12. Rxd6 O-O 13. Bxf6 gxf6
14. Bb5 Nd4 15. Bd3 Rfd8 16. Rxd8+ Rxd8 17. f4 Bc8 18. f5 1-0

[Event "MCR_KT27"]
[Site "?"]
[Date "2006.??.??"]
[Round "?"]
[White "Krizek, Alex"]
[Black "Vins, Karel"]
[Result "1-0"]
[WhiteElo "1600"]
[BlackElo "1684"]
[PlyCount "37"]
[EventDate "2006.??.??"]
[EventType "corr"]
[EventRounds "2"]
[SourceDate "2007.01.09"]

1. d4 d5 2. c4 e6 3. Nc3 Nf6 4. Nf3 c6 5. e3 Nbd7 6. Bd3 g6 7. O-O Bg7 8. b3 h6
9. Ba3 a6 10. Qc2 dxc4 11. bxc4 Bf8 12. Bxf8 Nxf8 13. c5 Nd5 14. Ne4 Nb4 15.
Qc4 Nxd3 16. Nd6+ Ke7 17. Qxd3 f5 18. Ne5 Ra7 19. Nef7 1-0

[Event "MCR_KT27"]
[Site "?"]
[Date "2006.??.??"]
[Round "?"]
[White "Vins, Karel"]
[Black "Krizek, Alex"]
[Result "0-1"]
[WhiteElo "1684"]
[BlackElo "1600"]
[PlyCount "40"]
[EventDate "2006.??.??"]
[EventType "corr"]
[EventRounds "2"]
[SourceDate "2007.01.09"]

1. e4 c5 2. Nf3 Nc6 3. d4 cxd4 4. Nxd4 Nf6 5. Nc3 d6 6. Be3 e5 7. Nxc6 bxc6 8.
f3 Rb8 9. b3 d5 10. exd5 Bb4 11. Bd2 cxd5 12. Na4 Bf5 13. c3 Be7 14. Nb2 Qc7
15. Nd3 O-O 16. Be2 Bd6 17. b4 e4 18. Nb2 e3 19. g3 Bxg3+ 20. hxg3 Qxg3+ 0-1

[Event "MCR_KT27"]
[Site "?"]
[Date "2006.??.??"]
[Round "?"]
[White "Krizek, Alex"]
[Black "Lanca, Leo"]
[Result "1-0"]
[WhiteElo "1600"]
[BlackElo "1700"]
[PlyCount "29"]
[EventDate "2006.??.??"]
[EventType "corr"]
[EventRounds "2"]
[SourceDate "2007.01.09"]

1. d4 c5 2. d5 e5 3. dxe6 fxe6 4. e4 d6 5. Nc3 Nc6 6. Nf3 Be7 7. Bc4 a6 8. a4
h6 9. O-O Qc7 10. Bf4 Nf6 11. Nh4 O-O 12. Ng6 Rf7 13. Nxe7+ Qxe7 14. Bxd6 Qd8
15. Bxc5 1-0

[Event "MCR_KT27"]
[Site "?"]
[Date "2006.??.??"]
[Round "?"]
[White "Krizek, Alex"]
[Black "Zachoval, Milan"]
[Result "1/2-1/2"]
[WhiteElo "1600"]
[BlackElo "1600"]
[PlyCount "32"]
[EventDate "2006.??.??"]
[EventType "corr"]
[EventRounds "2"]
[SourceDate "2007.01.09"]

1. d4 Nf6 2. c4 e6 3. Nc3 d5 4. Bg5 Be7 5. e3 O-O 6. Nf3 Nbd7 7. c5 c6 8. Bd3
h6 9. Bf4 b6 10. b4 a6 11. O-O b5 12. a4 Bb7 13. axb5 axb5 14. Qc2 Qc8 15. h3
Nh5 16. Bh2 f5 1/2-1/2

[Event "MCR_KT27"]
[Site "?"]
[Date "2006.??.??"]
[Round "?"]
[White "Zachoval, Milan"]
[Black "Krizek, Alex"]
[Result "1/2-1/2"]
[WhiteElo "1600"]
[BlackElo "1600"]
[PlyCount "31"]
[EventDate "2006.??.??"]
[EventType "corr"]
[EventRounds "2"]
[SourceDate "2007.01.09"]

1. e4 c5 2. Nf3 e6 3. d4 cxd4 4. Nxd4 a6 5. Nc3 Nc6 6. Be3 Nf6 7. Qe2 Bb4 8. f3
Ne5 9. Qd2 d5 10. Bd3 dxe4 11. fxe4 Bxc3 12. Qxc3 Nxe4 13. Bxe4 Qh4+ 14. Kf1
Qxe4 15. Re1 Qd5 16. b3 1/2-1/2

[Event "MCR_KT27"]
[Site "?"]
[Date "2006.??.??"]
[Round "?"]
[White "Vins, Karel"]
[Black "Lanca, Leo"]
[Result "0-1"]
[WhiteElo "1684"]
[BlackElo "1700"]
[PlyCount "42"]
[EventDate "2006.??.??"]
[EventType "corr"]
[EventRounds "2"]
[SourceDate "2007.01.09"]

1. e4 c5 2. Nf3 Nc6 3. d4 cxd4 4. Nxd4 Nf6 5. Nc3 d6 6. a3 e6 7. Bd3 Nxd4 8.
Be3 Nc6 9. h3 d5 10. exd5 exd5 11. Bf4 Be6 12. Bd2 Qb6 13. Ne2 O-O-O 14. Nd4
Nxd4 15. Bc3 Nb5 16. Bxb5 Qxb5 17. Qd3 Qc6 18. Bxf6 gxf6 19. f3 Bh6 20. O-O Kb8
21. c3 d4 0-1

[Event "MCR_KT27"]
[Site "?"]
[Date "2006.??.??"]
[Round "?"]
[White "Zachoval, Milan"]
[Black "Svoboda, Josef"]
[Result "1/2-1/2"]
[WhiteElo "1600"]
[BlackElo "1825"]
[PlyCount "41"]
[EventDate "2006.??.??"]
[EventType "corr"]
[EventRounds "2"]
[SourceDate "2007.01.09"]

1. e4 e5 2. Nf3 Nf6 3. Nxe5 d6 4. Nf3 Nxe4 5. d4 d5 6. Bd3 Bd6 7. O-O O-O 8. c4
c6 9. cxd5 cxd5 10. Nc3 Nxc3 11. bxc3 Bg4 12. Rb1 Nd7 13. h3 Bxf3 14. Qxf3 Nb6
15. Bd2 h6 16. Rfe1 Qd7 17. Qf5 Qxf5 18. Bxf5 Nc4 19. Be3 Nxe3 20. Rxe3 b6 21.
g3 1/2-1/2

[Event "MCR_KT27"]
[Site "?"]
[Date "2006.??.??"]
[Round "?"]
[White "Svoboda, Josef"]
[Black "Vins, Karel"]
[Result "1-0"]
[WhiteElo "1825"]
[BlackElo "168"]
[PlyCount "47"]
[EventDate "2006.??.??"]
[EventType "corr"]
[EventRounds "2"]
[SourceDate "2007.01.09"]

1. e4 e5 2. Nf3 Nc6 3. Bb5 f5 4. Nc3 Nf6 5. exf5 e4 6. Ng5 d5 7. d3 exd3 8.
Qxd3 Bb4 9. a3 Bxc3+ 10. Qxc3 Bd7 11. Ne6 Bxe6 12. fxe6 O-O 13. Bxc6 bxc6 14.
Qxc6 h6 15. Be3 d4 16. Qc4 Qd5 17. Qxd5 Nxd5 18. Bxd4 Rfe8 19. O-O-O Nf4 20.
Be5 Nxe6 21. Rd7 c6 22. Rhd1 Kh7 23. f4 Kg6 24. g4 1-0

[Event "MCR_KT27"]
[Site "?"]
[Date "2006.??.??"]
[Round "?"]
[White "Svoboda, Josef"]
[Black "Krizek, Alex"]
[Result "0-1"]
[WhiteElo "1825"]
[BlackElo "1600"]
[PlyCount "54"]
[EventDate "2006.??.??"]
[EventType "corr"]
[EventRounds "2"]
[SourceDate "2007.01.09"]

1. d4 d5 2. c4 c6 3. Nf3 e6 4. e3 Bd6 5. Nc3 Nf6 6. c5 Bc7 7. Bd2 b6 8. cxb6
axb6 9. Rc1 O-O 10. Bd3 Nbd7 11. O-O e5 12. dxe5 Nxe5 13. Nxe5 Bxe5 14. f4 Bd6
15. Qe2 Re8 16. h3 d4 17. Nd1 dxe3 18. Bc3 Bd7 19. a3 Nd5 20. g3 Qc8 21. Bd4
Bxh3 22. Re1 Bxf4 23. gxf4 Nxf4 24. Bxh7+ Kxh7 25. Qc2+ Bf5 26. Qxc6 Qd8 27.
Nxe3 Qg5+ 0-1

[Event "MCR_KT27"]
[Site "?"]
[Date "2006.??.??"]
[Round "?"]
[White "Vins, Karel"]
[Black "Svoboda, Josef"]
[Result "0-1"]
[WhiteElo "1684"]
[BlackElo "1825"]
[PlyCount "74"]
[EventDate "2006.??.??"]
[EventType "corr"]
[EventRounds "2"]
[SourceDate "2007.01.09"]

1. e4 e5 2. Nf3 Nc6 3. Bc4 Bc5 4. c3 Nf6 5. d4 exd4 6. cxd4 Bb4+ 7. Bd2 Nxe4 8.
Bxb4 Nxb4 9. Qb3 d5 10. Qxb4 dxc4 11. Qxc4 O-O 12. O-O Nd6 13. Qd5 c6 14. Qg5
f6 15. Qe3 Re8 16. Qd2 Bg4 17. Qd3 Qb6 18. Nbd2 Bxf3 19. Nxf3 Qxb2 20. Qb3+
Qxb3 21. axb3 Nb5 22. Rfd1 Nc3 23. Rd2 a6 24. Kf1 g5 25. Ne1 Rad8 26. Nc2 Kf7
27. Re1 Rxe1+ 28. Kxe1 Re8+ 29. Kf1 f5 30. Rd3 Nd5 31. f3 Kf6 32. Kf2 f4 33.
Rd2 Re3 34. Na1 Nb4 35. h3 Ke6 36. Re2 Rxe2+ 37. Kxe2 Kd5 0-1

[Event "MCR_KT27"]
[Site "?"]
[Date "2006.??.??"]
[Round "?"]
[White "Krizek, Alex"]
[Black "Svoboda, Josef"]
[Result "1/2-1/2"]
[WhiteElo "1600"]
[BlackElo "1825"]
[PlyCount "61"]
[EventDate "2006.??.??"]
[EventType "corr"]
[EventRounds "2"]
[SourceDate "2007.01.09"]

1. c4 Nf6 2. Nc3 e5 3. Nf3 Nc6 4. e3 Be7 5. d4 exd4 6. Nxd4 O-O 7. Nxc6 dxc6 8.
Qxd8 Rxd8 9. a3 Bf5 10. Be2 Rd7 11. f3 Bc2 12. O-O Re8 13. b4 a5 14. Ra2 Bg6
15. Rb2 Bd6 16. Rd1 Be5 17. Rxd7 Nxd7 18. Rd2 axb4 19. axb4 Bxc3 20. Rxd7 Bf5
21. Rxc7 Bc8 22. b5 Be5 23. Rxc8 Rxc8 24. bxc6 bxc6 25. f4 Bd6 26. Kf2 Ra8 27.
e4 Bc5+ 28. Be3 Bxe3+ 29. Kxe3 c5 30. e5 Ra2 31. Bf3 1/2-1/2

[Event "MCR_KT27"]
[Site "?"]
[Date "2006.??.??"]
[Round "?"]
[White "Kyzlink, Vladimir"]
[Black "Svoboda, Josef"]
[Result "1/2-1/2"]
[WhiteElo "2086"]
[BlackElo "1825"]
[PlyCount "77"]
[EventDate "2006.??.??"]
[EventType "corr"]
[EventRounds "2"]
[SourceDate "2007.01.09"]

1. c4 Nf6 2. Nc3 e5 3. Nf3 Nc6 4. e4 Bb4 5. d3 d6 6. g3 Bg4 7. Be2 O-O 8. Be3
Bd7 9. O-O Bh3 10. Re1 Ng4 11. Rc1 Nxe3 12. fxe3 f5 13. exf5 Rxf5 14. Nh4 Rf8
15. Bg4 Bxg4 16. Qxg4 Qc8 17. Qxc8 Raxc8 18. Rf1 Bxc3 19. Rxc3 Rxf1+ 20. Kxf1
Rf8+ 21. Ke2 Kf7 22. Rc1 Ke7 23. a3 g5 24. Nf3 g4 25. Ng5 Rf5 26. Ne4 Ke6 27.
Nc3 Rh5 28. Rh1 Ne7 29. d4 c6 30. Kd3 d5 31. e4 exd4 32. cxd5+ cxd5 33. exd5+
Nxd5 34. Ne2 Kd6 35. Nxd4 a6 36. Nb3 Rf5 37. Nd2 b5 38. Re1 Nf6 39. Re2 1/2-1/2

[Event "MCR_KT27"]
[Site "?"]
[Date "2006.??.??"]
[Round "?"]
[White "Lanca, Leo"]
[Black "Vins, Karel"]
[Result "1-0"]
[WhiteElo "1700"]
[BlackElo "1684"]
[PlyCount "79"]
[EventDate "2006.??.??"]
[EventType "corr"]
[EventRounds "2"]
[SourceDate "2007.01.09"]

1. Nf3 Nf6 2. d4 d5 3. Bf4 g6 4. e3 Bg7 5. Bd3 Nbd7 6. O-O c6 7. c4 e6 8. Nbd2
h6 9. Be5 O-O 10. Re1 Re8 11. cxd5 exd5 12. h3 Nh7 13. Bxg7 Kxg7 14. Qc2 Ndf8
15. Re2 f5 16. Nb3 Qf6 17. Ne5 b6 18. Qxc6 Qxc6 19. Nxc6 Bb7 20. Rc1 Nf6 21.
Nca5 Re7 22. Nxb7 Rxb7 23. Rec2 Re8 24. Ba6 Rbe7 25. Bb5 Ra8 26. Rc7 Kf7 27.
Rxe7+ Kxe7 28. Rc7+ N8d7 29. Nc1 Kd8 30. Rc3 Rc8 31. Nd3 Rxc3 32. bxc3 Ne8 33.
Ne5 a5 34. Nf7+ Ke7 35. Nxh6 Nef6 36. g4 f4 37. h4 fxe3 38. fxe3 Ne4 39. c4
dxc4 40. Bxc4 1-0

[Event "MCR_KT27"]
[Site "?"]
[Date "2006.??.??"]
[Round "?"]
[White "Svoboda, Josef"]
[Black "Zachoval, Milan"]
[Result "1-0"]
[WhiteElo "1825"]
[BlackElo "1600"]
[PlyCount "73"]
[EventDate "2006.??.??"]
[EventType "corr"]
[EventRounds "2"]
[SourceDate "2007.01.09"]

1. e4 e5 2. Nf3 Nc6 3. Bb5 a6 4. Ba4 Nf6 5. O-O Be7 6. Re1 b5 7. Bb3 d6 8. c3
O-O 9. h3 Na5 10. Bc2 c5 11. d4 Qc7 12. Nbd2 Nc6 13. d5 Nd8 14. a4 Rb8 15. axb5
axb5 16. b4 c4 17. Nf1 Ne8 18. Be3 g6 19. Bh6 Ng7 20. Ng3 f6 21. Qd2 Nf7 22.
Be3 Bd7 23. Ra7 Rb7 24. Rea1 Rfb8 25. Rxb7 Rxb7 26. Nh2 h5 27. Nf3 Kh7 28. Nh4
g5 29. Nhf5 Bxf5 30. Nxf5 Nxf5 31. exf5 h4 32. Qe2 Nh8 33. Qh5+ Kg7 34. Bxg5
fxg5 35. f6+ Bxf6 36. Qh7+ Kf8 37. Ra8+ 1-0

[Event "MCR_KT27"]
[Site "?"]
[Date "2006.??.??"]
[Round "?"]
[White "Lanca, Leo"]
[Black "Krizek, Alex"]
[Result "0-1"]
[WhiteElo "1700"]
[BlackElo "1600"]
[PlyCount "86"]
[EventDate "2006.??.??"]
[EventType "corr"]
[EventRounds "2"]
[SourceDate "2007.01.09"]

1. e4 c5 2. Nf3 Nc6 3. d4 cxd4 4. Nxd4 Nf6 5. Nc3 e6 6. Bb5 Bb4 7. f3 Bxc3+ 8.
bxc3 Qa5 9. Nxc6 bxc6 10. Bd3 Qxc3+ 11. Bd2 Qc5 12. Qe2 d5 13. Qe3 Nd7 14. O-O
e5 15. Kh1 Qxe3 16. Bxe3 d4 17. Bd2 O-O 18. g4 Nb6 19. c4 Be6 20. Bb4 Rfc8 21.
c5 Nc4 22. Rf2 a5 23. Be1 Rcb8 24. Rc2 Nb2 25. Rd2 Nxd3 26. Rxd3 Rb5 27. Rdd1
Rxc5 28. a4 Rc2 29. Rab1 h6 30. Rb7 Bc4 31. Rbb1 Be2 32. Rd2 Bxf3+ 33. Kg1 Bxe4
34. Rxc2 Bxc2 35. Ra1 Kf8 36. Kf2 Ke7 37. Ra2 d3 38. Bc3 Ke6 39. Ke1 g6 40.
Rxc2 dxc2 41. Kd2 f5 42. gxf5+ gxf5 43. Kxc2 Rg8 0-1

[Event "MCR_KT27"]
[Site "?"]
[Date "2006.??.??"]
[Round "?"]
[White "Kyzlink, Vladimir"]
[Black "Krizek, Alex"]
[Result "1/2-1/2"]
[WhiteElo "2086"]
[BlackElo "1600"]
[PlyCount "87"]
[EventDate "2006.??.??"]
[EventType "corr"]
[EventRounds "2"]
[SourceDate "2007.01.09"]

1. c4 c5 2. Nc3 Nc6 3. g3 g6 4. Bg2 Bg7 5. Nf3 Nf6 6. O-O O-O 7. d4 d6 8. dxc5
dxc5 9. Bf4 Nh5 10. Be3 Be6 11. Bxc5 Qa5 12. Be3 Bxc4 13. Nd2 Be6 14. Nde4 Rfd8
15. Qc1 Nf6 16. Nc5 Bc8 17. a3 a6 18. b4 Qc7 19. Bf4 e5 20. Bg5 Ne7 21. Qb2 h6
22. Bxf6 Bxf6 23. Rfd1 Rxd1+ 24. Rxd1 Ra7 25. N3e4 Bh8 26. Nd6 b6 27. Nce4 Be6
28. Qd2 Kh7 29. Ne8 Qb8 30. N8f6+ Bxf6 31. Nxf6+ Kg7 32. Ne4 Rd7 33. Qc1 Qc8
34. Qa1 Rxd1+ 35. Qxd1 Nf5 36. e3 Qc4 37. h3 Qc7 38. Bf1 Qc6 39. Qb1 Bd5 40.
Nd2 Nd6 41. Qb2 f6 42. f4 exf4 43. gxf4 Nf5 44. Kf2 1/2-1/2

[Event "MCR_KT27"]
[Site "?"]
[Date "2006.??.??"]
[Round "?"]
[White "Kyzlink, Vladimir"]
[Black "Vins, Karel"]
[Result "1-0"]
[WhiteElo "2086"]
[BlackElo "1684"]
[PlyCount "37"]
[EventDate "2006.??.??"]
[EventType "corr"]
[EventRounds "2"]
[SourceDate "2007.01.09"]

1. e4 e5 2. Nf3 Nf6 3. d4 exd4 4. e5 Ne4 5. Qxd4 d5 6. exd6 Nxd6 7. Nc3 Nc6 8.
Qf4 g6 9. Bd2 Bg7 10. O-O-O O-O 11. h4 Qf6 12. Qxf6 Bxf6 13. Nd5 Bd8 14. Ng5
Ne7 15. Nf6+ Kg7 16. Bc3 Kh6 17. h5 Kxg5 18. Nxh7+ Kg4 19. Rd4+ 1-0

[Event "MCR_KT27"]
[Site "?"]
[Date "2006.??.??"]
[Round "?"]
[White "Vins, Karel"]
[Black "Kyzlink, Vladimir"]
[Result "0-1"]
[WhiteElo "1684"]
[BlackElo "2086"]
[PlyCount "74"]
[EventDate "2006.??.??"]
[EventType "corr"]
[EventRounds "2"]
[SourceDate "2007.01.09"]

1. e4 e5 2. Nf3 Nc6 3. Bb5 a6 4. Ba4 Nf6 5. d3 b5 6. Bb3 Be7 7. c3 d6 8. h3 O-O
9. Be3 Bb7 10. O-O Na5 11. Bc2 c5 12. Nbd2 Qc7 13. Re1 d5 14. exd5 Nxd5 15. Rc1
Rad8 16. Qe2 Rfe8 17. Ne4 Nxe3 18. Qxe3 f5 19. Ned2 Bf6 20. Qe2 Bd5 21. Bb1 g6
22. Rcd1 c4 23. dxc4 Nxc4 24. Nxc4 Bxc4 25. Qc2 Bd5 26. Nh2 Qc6 27. f3 Qe6 28.
Rxd5 Qxd5 29. Nf1 Bh4 30. g3 Be7 31. Qg2 b4 32. cxb4 Bxb4 33. Rc1 Rc8 34. Rxc8
Rxc8 35. a3 Qd4+ 36. Kh2 Bc5 37. b4 Bb6 0-1

[Event "MCR_KT27"]
[Site "?"]
[Date "2006.??.??"]
[Round "?"]
[White "Zachoval, Milan"]
[Black "Kyzlink, Vladimir"]
[Result "0-1"]
[WhiteElo "1600"]
[BlackElo "2086"]
[PlyCount "56"]
[EventDate "2006.??.??"]
[EventType "corr"]
[EventRounds "2"]
[SourceDate "2007.01.09"]

1. e4 c5 2. Nf3 d6 3. d4 cxd4 4. Nxd4 Nf6 5. Nc3 Nc6 6. Bc4 e6 7. Be3 a6 8. Qe2
Qc7 9. O-O-O Bd7 10. Bb3 Na5 11. f3 Nxb3+ 12. Nxb3 Be7 13. g4 O-O 14. h4 b5 15.
a3 Rfb8 16. Na2 a5 17. Kb1 b4 18. axb4 axb4 19. Qd2 Ba4 20. Nac1 Rc8 21. h5 Nd7
22. Rh2 Bxb3 23. Nxb3 Nc5 24. Qxb4 Qa7 25. Bxc5 Qa2+ 26. Kc1 Bg5+ 27. Rdd2 Qa1+
28. Nxa1 Rxa1# 0-1

[Event "MCR_KT27"]
[Site "?"]
[Date "2006.??.??"]
[Round "?"]
[White "Kyzlink, Vladimir"]
[Black "Zachoval, Milan"]
[Result "1-0"]
[WhiteElo "2086"]
[BlackElo "1600"]
[PlyCount "67"]
[EventDate "2006.??.??"]
[EventType "corr"]
[EventRounds "2"]
[SourceDate "2007.01.09"]

1. e4 e5 2. Nf3 Nc6 3. Bb5 a6 4. Ba4 Nf6 5. O-O Be7 6. Re1 b5 7. Bb3 d6 8. a4
Bb7 9. c3 h6 10. d4 O-O 11. axb5 axb5 12. Rxa8 Bxa8 13. Qe2 Qb8 14. d5 Nd8 15.
Bc2 c5 16. dxc6 Bxc6 17. Nh4 Re8 18. Nf5 Bf8 19. Qf3 Kh7 20. Nxh6 gxh6 21. Qxf6
Bg7 22. Qf5+ Kh8 23. Nd2 Ne6 24. Qxf7 Qb7 25. Qg6 Qd7 26. Nf3 Nf8 27. Qh5 Qe6
28. Ng5 Qf6 29. Bb3 Re7 30. Nf7+ Kh7 31. Bg5 Qg6 32. Qxg6+ Nxg6 33. Bxe7 Nxe7
34. Nxd6 1-0

[Event "MCR_KT27"]
[Site "?"]
[Date "2006.??.??"]
[Round "?"]
[White "Svoboda, Josef"]
[Black "Kyzlink, Vladimir"]
[Result "0-1"]
[WhiteElo "1825"]
[BlackElo "2086"]
[PlyCount "80"]
[EventDate "2006.??.??"]
[EventType "corr"]
[EventRounds "2"]
[SourceDate "2007.01.09"]

1. e4 e5 2. Nf3 Nc6 3. Bb5 a6 4. Ba4 Nf6 5. O-O Be7 6. Re1 b5 7. Bb3 O-O 8. a4
Bb7 9. d3 d6 10. Nc3 Na5 11. Ba2 b4 12. Ne2 c5 13. Ng3 Bc8 14. h3 Bd7 15. Be3
Rb8 16. Bd2 h6 17. Be3 Qe8 18. Nh4 b3 19. cxb3 Be6 20. Nhf5 Nxb3 21. Bxb3 Bxb3
22. Qd2 Qd7 23. Nxg7 Kxg7 24. Bxh6+ Kh7 25. Bg7 Ng8 26. Bxf8 Bxf8 27. Qa5 Qc6
28. Rec1 Bh6 29. Rf1 Qb6 30. Qxb6 Rxb6 31. a5 Rb5 32. Nf5 Bf8 33. f4 exf4 34.
Rxf4 Nh6 35. Rh4 Kg6 36. g4 Bc2 37. Rh5 Bxd3 38. Rd1 Rb3 39. Nxd6 c4 40. Rd2
Bxd6 0-1

[Event "MCR_KT27"]
[Site "?"]
[Date "2006.??.??"]
[Round "?"]
[White "Kyzlink, Vladimir"]
[Black "Lanca, Leo"]
[Result "1-0"]
[WhiteElo "2086"]
[BlackElo "1700"]
[PlyCount "79"]
[EventDate "2006.??.??"]
[EventType "corr"]
[EventRounds "2"]
[SourceDate "2007.01.09"]

1. e4 c5 2. Nf3 Nc6 3. d4 cxd4 4. Nxd4 Nf6 5. Nc3 d6 6. Bg5 Bd7 7. Qd2 a6 8.
O-O-O e6 9. f4 Be7 10. Nde2 O-O 11. e5 Ne8 12. exd6 Nxd6 13. Bxe7 Qxe7 14. Qxd6
Rad8 15. Qxe7 Nxe7 16. Nd4 Nd5 17. Nxd5 exd5 18. h3 Be6 19. g4 Rd6 20. Bg2 Rfd8
21. Rd2 g6 22. Rhd1 Kf8 23. Ne2 b5 24. a3 Ke8 25. Nc3 Kf8 26. Bxd5 Bxd5 27.
Rxd5 Rxd5 28. Rxd5 Re8 29. Rd6 Ra8 30. Nd5 a5 31. Rb6 b4 32. axb4 axb4 33. Kd2
Rd8 34. Rb5 Ke8 35. Ke3 Kf8 36. Kd4 Rc8 37. Nxb4 Rd8+ 38. Nd5 Ke8 39. c4 Ra8
40. c5 1-0

[Event "MCR_KT27"]
[Site "?"]
[Date "2006.??.??"]
[Round "?"]
[White "Lanca, Leo"]
[Black "Kyzlink, Vladimir"]
[Result "0-1"]
[WhiteElo "1700"]
[BlackElo "2086"]
[PlyCount "50"]
[EventDate "2006.??.??"]
[EventType "corr"]
[EventRounds "2"]
[SourceDate "2007.01.09"]

1. c4 e5 2. Nc3 Nc6 3. d3 g6 4. g3 Bg7 5. Bg2 d6 6. Nf3 Nf6 7. O-O O-O 8. Bg5
h6 9. Bxf6 Bxf6 10. Re1 Bg7 11. e3 f5 12. Re2 Be6 13. a3 Kh7 14. Rb1 Rb8 15.
Qa4 a6 16. Qc2 Ne7 17. e4 f4 18. b3 Bg4 19. gxf4 Nc6 20. Ree1 Rxf4 21. Ne2 Rxf3
22. Bxf3 Bxf3 23. Ng3 Qd7 24. Re3 Nd4 25. Qc1 h5 0-1

[Event "MCR_KT27"]
[Site "?"]
[Date "2006.??.??"]
[Round "?"]
[White "Krizek, Alex"]
[Black "Kyzlink, Vladimir"]
[Result "1/2-1/2"]
[WhiteElo "1600"]
[BlackElo "2086"]
[PlyCount "96"]
[EventDate "2006.??.??"]
[EventType "corr"]
[EventRounds "2"]
[SourceDate "2007.01.09"]

1. d4 d5 2. c4 c6 3. Nc3 Nf6 4. e3 e6 5. Nf3 Nbd7 6. c5 e5 7. Be2 Be7 8. Nxe5
Nxe5 9. dxe5 Nd7 10. e4 dxe4 11. Nxe4 O-O 12. O-O Nxc5 13. Nd6 Be6 14. Qd4 Bxd6
15. exd6 Nd7 16. Be3 Bd5 17. Qb4 b6 18. Qf4 Re8 19. Qg3 Nf6 20. Bd3 Nh5 21. Qg4
g6 22. d7 Re7 23. Rfd1 Qxd7 24. Qxd7 Rxd7 25. b3 f6 26. Bc4 Rad8 27. Bxd5+ cxd5
28. Rac1 Ng7 29. Bd4 Kf7 30. f3 Ne6 31. Kf2 Rc7 32. Rxc7+ Nxc7 33. Ke3 h5 34.
Rd2 Ne6 35. Bb2 Rd7 36. b4 g5 37. g3 Kg6 38. Kd3 Kf5 39. Ke3 b5 40. Rd1 Rd6 41.
Rd2 Nd8 42. Kd4 Ke6 43. a3 a6 44. Re2+ Kd7 45. f4 Nc6+ 46. Kd3 Re6 47. Rf2 g4
48. Rc2 Kd6 1/2-1/2